000 00279nam a22001337a 4500
008 170810b xxu||||| |||| 00| 0 eng d
020 _a9780071748018
041 _aeng
080 _a004
100 _a35
101 _aSHK
245 _aWEB DESIGN
_cWILLARD,W
942 _2udc
_cBK
999 _c23185
_d23185